[Event "Czech Open"]
[Site "Pardubice CZE"]
[Date "2001.07.23"]
[Round "4"]
[White "Dumitrescu,D"]
[Black "Jakovenko,D"]
[Result "0-1"]
[WhiteElo "2333"]
[BlackElo "2551"]

1.d4 Nf6 2.Bg5 Ne4 3.Bh4 g5 4.f3 gxh4 5.fxe4 c5 6.e3 Bh6 7.Kf2 cxd4 8.exd4 e5
9.Nf3 Nc6 10.c3 d6 11.Nbd2 exd4 12.cxd4 Bg4 13.Bb5 O-O 14.Bxc6 bxc6 15.Rf1 h3
16.g3 Rb8 17.Qc2 f5 18.e5 dxe5  0-1

[Event "3rd Open"]
[Site "Patras GRE"]
[Date "2001.07.23"]
[Round "6"]
[White "Miladinovic,I"]
[Black "Shavtvaladze,N"]
[Result "1/2-1/2"]
[WhiteElo "2496"]
[BlackElo "2360"]

1.d4 Nf6 2.Bg5 Ne4 3.Bf4 c5 4.f3 Qa5+ 5.c3 Nf6 6.Nd2 cxd4 7.Nb3 Qb6 8.Qxd4 Qxd4
9.cxd4 e6 10.e4 Nc6 11.Rc1 a6 12.Ne2 d5 13.Nc3 Bb4 14.e5 Nd7 15.a3 Be7 16.Bd2 Nb6
17.Nd1 f6 18.f4 Na4 19.h4 h5 20.g3 Bd7 21.Rh2 Kf7 22.Be3 Rhc8 23.Rhc2 Nd8
24.Be2 g6 25.exf6 Bxf6 26.Rc7 Rxc7 27.Rxc7 Ke7 28.Bd3 Kd6 29.Rxd7+ Kxd7 30.Bxg6 Nc6
31.Bxh5 Ne7 32.Nc3 Nxb2 33.Nc5+ Kc6 34.Nxe6 Nf5 35.Bf2 Nd3+ 36.Ke2 Nxf2 37.Kxf2 Ng7
38.Nxg7 Bxd4+ 39.Ke2 Bxg7 40.Nd1 Bf6 41.Bg6 b5 42.h5 a5 43.g4 a4 44.g5 Bh8
45.f5 b4 46.f6 bxa3 47.Bb1 Bxf6 48.gxf6 Rf8 49.Ne3 Rxf6 50.Ba2 d4 51.Nd5 Rh6
52.Nf4 Kd6 53.Kf3 Ke5 54.Ng6+ Kf5 55.Nf4 Rb6 56.Nd3 Kg5 57.Ke4 Kxh5 58.Kxd4 Kg4
59.Nc5 Rb2 60.Be6+ Kf3 61.Bd5+ Kg4 62.Be6+ Kg5 63.Kc3 Re2 64.Kb4 a2 65.Bxa2 Rxa2
66.Nxa4 Kf4 67.Nc3 Ra8 68.Kc4 Ke5 69.Kd3 Rc8 70.Ne2  1/2-1/2

[Event "EuChJun Boys"]
[Site "Patras GRE"]
[Date "2001.07.24"]
[Round "8"]
[White "Pert,R"]
[Black "Le Roux,JP"]
[Result "1-0"]
[WhiteElo "2245"]
[BlackElo "2285"]

1.d4 Nf6 2.Bg5 Ne4 3.Bf4 c5 4.f3 Qa5+ 5.c3 Nf6 6.Nd2 cxd4 7.Nb3 Qb6 8.Qxd4 d6
9.Qxb6 axb6 10.e4 Be6 11.Bb5+ Nfd7 12.Nc1 Nc6 13.Be3 f5 14.Nge2 fxe4 15.fxe4 Nf6
16.Ng3 h5 17.h4 d5 18.Nce2 dxe4 19.Bxb6 Rh6 20.Be3 Rh7 21.Nf4 Bf7 22.Nh3 Rxa2
23.O-O Ng4 24.Bc5 Rh6 25.Rxa2 Bxa2 26.Ra1 Bb3 27.Ra8+ Kf7 28.Ng5+ Kg8 29.Bxc6  1-0

[Event "Keres Mem Open"]
[Site "Tallinn EST"]
[Date "2001.07.27"]
[Round "4"]
[White "Kanep,M"]
[Black "Nicholson,JG"]
[Result "1-0"]
[WhiteElo "2318"]
[BlackElo "2192"]

1.d4 Nf6 2.Bg5 Ne4 3.Bf4 c5 4.f3 Qa5+ 5.c3 Nf6 6.d5 Qb6 7.Bc1 g6 8.c4 Bg7
9.Nc3 O-O 10.e4 d6 11.Nge2 a6 12.g4 Nbd7 13.Bg2 Ne5 14.b3 Qa5 15.h3 b5 16.f4 Ned7
17.Bd2 bxc4 18.bxc4 Rb8 19.O-O Qb4 20.e5 dxe5 21.fxe5 Nxe5 22.Rb1 Nxc4 23.Rxb4 cxb4
24.Na4 Nxd2 25.Qxd2 Bd7 26.Nc5 Bb5 27.Re1 Rfd8 28.Nf4 a5 29.Qe3 Bc4 30.g5 Nxd5
31.Nxd5 Bxd5 32.Qxe7 Bf8 33.Qe3 Bxa2 34.Ne4 b3 35.Nf6+ Kh8 36.Bd5 Rbc8 37.Qe4 Rc7
38.Qh4 h6 39.gxh6 Rdc8 40.Ne8 Rd7 41.Qf6+ Kg8 42.h7+ Kxh7 43.Bxf7 Rc6 44.Bxg6+  1-0

[Event "Keres Mem Open"]
[Site "Tallinn EST"]
[Date "2001.07.30"]
[Round "8"]
[White "Kanep,M"]
[Black "Yemelin,V"]
[Result "0-1"]
[WhiteElo "2318"]
[BlackElo "2507"]

1.d4 Nf6 2.Bg5 Ne4 3.Bf4 c5 4.f3 Nf6 5.d5 Nh5 6.Be3 e5 7.Nc3 d6 8.g4 Nf4
9.Bf2 Be7 10.h4 f5 11.h5 fxg4 12.e3 Nh3 13.Nxh3 gxh3 14.Bxh3 Bxh3 15.Rxh3 Qd7
16.Rg3 O-O 17.Qe2 Qf5 18.h6 g6 19.Ne4 Nd7 20.O-O-O Nf6 21.Nxf6+ Bxf6 22.e4 Qf4+
23.Qd2 Bh4 24.Rg2 Bxf2 25.Rxf2 Rf7 26.Rdf1 Raf8 27.a4 b6 28.Kd1 Qh4 29.b4 cxb4
30.Qxb4 Qd8 31.Qc3 Rc7 32.Qd3 Qh4 33.Qe3 Rf4 34.Qa3 Rc5 35.a5 bxa5 36.Qb3 Qxh6
37.Qb8+ Qf8 38.Qxa7 Qd8 39.Rh1 Rf7 40.Qa6 Qb8 41.Kc1 Rb7 42.Kd2 Rcb5 43.Qc6 Rc7
44.Qa6 Rbc5 45.Qd3 Qb4+ 46.Ke2 Rxc2+ 47.Kf1 Qb1+  0-1

[Event "Smith & Williamson ch-GBR"]
[Site "Scarborough HUN"]
[Date "2001.08.04"]
[Round "6"]
[White "Hodgson,Ju"]
[Black "Turner,M"]
[Result "1-0"]
[WhiteElo "2581"]
[BlackElo "2511"]

1.d4 Nf6 2.Bg5 Ne4 3.Bf4 c5 4.f3 Qa5+ 5.c3 Nf6 6.d5 Qb6 7.Bc1 e6 8.c4 exd5
9.cxd5 c4 10.e3 Bc5 11.Kf2 O-O 12.Bxc4 d6 13.Ne2 Nbd7 14.Nbc3 Ne5 15.Na4 Qb4
16.b3 Nxc4 17.bxc4 Qxc4 18.Nxc5 Qxc5 19.Nf4 g5 20.Nd3 Qxd5 21.e4 Qa5 22.Bd2 Qb5
23.Qe2 Re8 24.a4 Qb6+ 25.Be3 Qa5 26.h4 Bg4 27.Qb2 Nxe4+ 28.fxe4 Rxe4 29.Qb5 Qxb5
30.axb5 gxh4 31.Rxh4 h5 32.Rhh1 Rae8 33.Rhe1 Bd7 34.Nf4 Bxb5 35.Nxh5 R4e6
36.Bxa7 Rxe1 37.Rxe1 Rxe1 38.Kxe1 Kf8 39.Nf4 Ke7 40.Bd4 Bc6 41.Kd2 Kd7 42.Kc3 Be4
43.Kc4 Kc6 44.Be3 Bb1 45.Ne2 Ba2+ 46.Kb4 Bb1 47.g3 Bd3 48.Nd4+ Kd5 49.Kc3 Bg6
50.Bf4 Kc5 51.Nb3+ Kd5 52.Na5 b6 53.Nb7 f6 54.Kb4 Bf5 55.Nxd6 Bd3 56.Nc8 b5
57.Na7 Bc4 58.Nxb5 Bd3 59.Nc7+ Kd4 60.Ne8 f5 61.Nd6 Kd5 62.Kc3 Bb1 63.Nc4  1-0

[Event "12th Sueder Summer"]
[Site "Recklinghausen GER"]
[Date "2001.08.05"]
[Round "2"]
[White "Banik,T"]
[Black "Schebler,G"]
[Result "0-1"]
[WhiteElo "2117"]
[BlackElo "2485"]

1.d4 Nf6 2.Bg5 Ne4 3.h4 c5 4.d5 Nxg5 5.hxg5 g6 6.c3 d6 7.Nf3 Bg7 8.Nbd2 Na6
9.e4 Nc7 10.a4 b6 11.Bc4 a6 12.Nf1 Bd7 13.Ne3 b5 14.axb5 axb5 15.Be2 O-O
16.O-O Rxa1 17.Qxa1 Qb8 18.Nc2 Qb6 19.b4 e6 20.dxe6 Bxe6 21.Qb2 Qc6 22.bxc5 dxc5
23.e5 Rb8 24.c4 b4 25.Nd2 Bf5 26.Ne3 Be6 27.Bf3 Qd7 28.Nb3 Qe7 29.Re1 Rd8
30.Be2 Qxg5 31.Nxc5 Qxe5 32.Qxe5 Bxe5 33.Nxe6 fxe6 34.Rb1 Rd2 35.Kf1 Bd6
36.Rd1 Rxd1+ 37.Bxd1 h5 38.Ke2 Kg7 39.g3 g5 40.Nf1 Kf6 41.Nd2 Be7 42.Ke3 h4
43.gxh4 gxh4 44.Kf4 e5+ 45.Kg4 Ke6 46.f4 exf4 47.Kxf4 Bd6+ 48.Ke4 Kf6 49.Nb3 h3
50.Bf3 Na6 51.Kd5 Nc5 52.Nd2 Bf8 53.Kd4 Kf5 54.Nf1 Kf4 55.Bh1 Be7 56.Ba8 Ne6+
57.Kd3 Bf6 58.Kc2 Bc3 59.Bb7 Nc5 60.Bc8 Bd4 61.Bxh3 b3+ 62.Kb1 Bc3 63.Bg2 Ke5
64.Ng3 Kd4 65.Bf1 Ke3 66.Ne2 Be5 67.Nc1 b2 68.Bg2 Kd2 69.Na2 Nb3 70.Be4 Ke3
71.Nc3 Bxc3 72.Bh7 Nd2+ 73.Ka2 Kd4 74.Bg6 Kxc4 75.Bh7 Kd4 76.Bg6 Ke3 77.Bh7 Ke2
78.Bg6 Kd1 79.Bh7 Bh8 80.Bg6 Kc1 81.Bh7 Nf3 82.Bg6 Nd4  0-1

[Event "It"]
[Site "Nikolaev UKR"]
[Date "2001.08.08"]
[Round "8"]
[White "Kalygin,S"]
[Black "Alexikov,A"]
[Result "1-0"]
[WhiteElo "2439"]
[BlackElo "2405"]

1.d4 Nf6 2.Bg5 Ne4 3.h4 d5 4.Nd2 Nd6 5.e3 c6 6.c4 f6 7.Bf4 Be6 8.c5 Nf7 9.b4 Bc8
10.Ngf3 Nd7 11.e4 e6 12.exd5 exd5 13.Bd3 Be7 14.Qc2 Nf8 15.O-O Be6 16.Rfe1 Qd7
17.Re3 g6 18.Rae1 Rg8 19.Nb3 Rg7 20.Qe2 Nd8 21.Bh6 Kf7 22.h5 g5 23.Bf5  1-0

[Event "Slavonija Swiss"]
[Site "Vukovar CRO"]
[Date "2001.08.08"]
[Round "6"]
[White "Kovacevic,B"]
[Black "Goric,E"]
[Result "1/2-1/2"]
[WhiteElo "2443"]
[BlackElo "2300"]

1.d4 Nf6 2.Bg5 Ne4 3.Bf4 d6 4.e3 g6 5.Bd3 Nf6 6.Nf3 Bg7 7.h3 O-O 8.O-O Nbd7
9.Nbd2 Qe8 10.Bh2 e5 11.dxe5 dxe5 12.e4 Nh5 13.Re1 Nf4 14.Bf1 Qe7 15.c3 Qf6
16.Nc4 Re8 17.Ne3 Nb6 18.Ng4 Bxg4 19.hxg4 Rad8 20.Qc2 h6 21.a4 Nc8 22.Rad1 Qe6
23.Rxd8 Rxd8 24.Rd1 Rxd1 25.Qxd1 Nd6 26.Nd2 Qa2 27.Bxf4 exf4 28.Qc2 a5 29.Qb3 Qxb3
30.Nxb3 b6 31.Bd3 Kf8 32.Kf1 Ke7 33.Ke2 Nb7 34.Nd2 Nc5 35.Bc2 Nd7 36.Kf3 Bf6
37.Ke2 Ne5 38.f3 Kd6 39.Bb3 Bg7 40.Ba2 Bh8 41.Bc4 Bf6 42.Bd3 Bg7 43.Nb3 Bh8
44.Nd4 c5 45.Kd2 Bf6 46.Ne2 g5 47.b4 Nxg4 48.bxa5 bxa5 49.fxg4 f3 50.Ke1 fxe2
51.Kxe2 Ke5 52.Bc4  1/2-1/2

[Event "It"]
[Site "Nikolaev UKR"]
[Date "2001.08.10"]
[Round "10"]
[White "Kalygin,S"]
[Black "Zavgorodniy,S"]
[Result "1-0"]
[WhiteElo "2439"]
[BlackElo "2453"]

1.d4 Nf6 2.Bg5 Ne4 3.h4 c5 4.dxc5 h6 5.Bf4 Nxc5 6.Nc3 Nc6 7.e4 d6 8.Qd2 Be6
9.Nf3 g6 10.Bd3 Bg7 11.Be3 Nxd3+ 12.cxd3 d5 13.Bf4 dxe4 14.Nxe4 Bg4 15.Qe3 Bxf3
16.Qxf3 Nd4 17.Qd1 O-O 18.O-O e5 19.Be3 Qxh4 20.Bxd4 exd4 21.Qb3 b6 22.Rac1 Kh8
23.g3 Qh3 24.Rc7 Qf5 25.Nd6 Qf6 26.Nxf7+ Kh7 27.Rd7 Qc6 28.Ne5 Qf6 29.Qd5 Rae8
30.f4 Re6 31.Rc1 Re7 32.Rc6  1-0

[Event "Magistral BCX"]
[Site "Brasilia BRA"]
[Date "2001.08.11"]
[Round "8"]
[White "Galego,L"]
[Black "Valle,A"]
[Result "1-0"]
[WhiteElo "2467"]
[BlackElo "2215"]

1.d4 Nf6 2.Bg5 Ne4 3.h4 c5 4.dxc5 Qa5+ 5.Nd2 Nxg5 6.hxg5 Qxc5 7.Ngf3 g6 8.c3 Bg7
9.e3 Nc6 10.Be2 h6 11.gxh6 Rxh6 12.Rxh6 Bxh6 13.Qa4 d6 14.Bb5 Bd7 15.Nd4 O-O-O
16.Nxc6 Bxc6 17.Bxc6 bxc6 18.Nb3 Qb6 19.Qh4 Bf8 20.Qf4 f6 21.Qg4+ Kc7 22.Qxg6 c5
23.O-O-O Rb8 24.Qe4 f5 25.Qc4 Bg7 26.Rh1 Qc6 27.f3 Bf6 28.Rh7 Qb5 29.Qxb5 Rxb5
30.Rh5 c4 31.Nd2 Rc5 32.Kc2 Kd7 33.e4 e6 34.Rh7+ Be7 35.Rh5 Bf6 36.exf5 exf5
37.g4 fxg4 38.Rxc5 dxc5 39.fxg4 Ke6 40.Nxc4 Kd5 41.Kd3 Bg5 42.a4 a6 43.b3 Bd8
44.Ne3+  1-0

[Event "ch-EST"]
[Site "Puhajarve EST"]
[Date "2001.08.11"]
[Round "4"]
[White "Kanep,M"]
[Black "Seeman,T"]
[Result "1/2-1/2"]
[WhiteElo "2318"]
[BlackElo "2440"]

1.d4 Nf6 2.Bg5 Ne4 3.Bf4 c5 4.f3 Qa5+ 5.c3 Nf6 6.d5 Qb6 7.Bc1 e6 8.c4 d6
9.Nc3 exd5 10.cxd5 g6 11.e4 Bg7 12.Nge2 O-O 13.a4 Na6 14.Be3 Nd7 15.Qd2 Ne5
16.Nf4 Bd7 17.Be2 Nb4 18.O-O a6 19.b3 Qc7 20.Rfc1 b6 21.Kh1 Qb7 22.Na2 Nxa2
23.Rxa2 b5 24.a5 Rfc8 25.Rac2 b4 26.Nd3 c4 27.Nxb4  1/2-1/2

[Event "Lost Boys Open"]
[Site "Amsterdam NED"]
[Date "2001.08.13"]
[Round "4"]
[White "Gohil,H"]
[Black "Solleveld,Maa"]
[Result "0-1"]
[WhiteElo "2307"]
[BlackElo "2427"]

1.d4 Nf6 2.Bg5 Ne4 3.h4 c5 4.dxc5 Qa5+ 5.Nd2 Nxg5 6.hxg5 Qxc5 7.g6 fxg6 8.Nb3 Qe5
9.c3 e6 10.Qc2 Qf6 11.Rh3 d5 12.Rf3 Qe5 13.e3 Nc6 14.Bd3 Bd7 15.Rh3 O-O-O
16.Bxg6 h6 17.O-O-O Be7 18.f4 Qc7 19.Ne2 Kb8 20.Rg3 Bh4 21.Rh3 Bf6 22.Rhh1 Qb6
23.Qd2 e5 24.Kb1 Bg4 25.Bc2 a5 26.Rde1 a4 27.Nbc1 a3 28.b3 e4 29.Nd4 Rc8
30.Bd1 Bxd1 31.Rxd1 Bxd4 32.exd4 Rc7 33.Rh5 Ne7 34.Rh3 Qg6 35.Ka1 Rhc8 36.Rg1 Nf5
37.g4 e3 38.Qd1 Nd6 39.Rxe3 Rxc3 40.Rxc3 Rxc3 41.Rg2 Qe4 42.Rd2 Rh3 43.Qc2 Rh1
44.Kb1 Qxf4 45.Rd3 Ne4 46.b4 Rh2 47.Qd1 Nf2 48.Qe2 Nxd3 49.Qe8+ Ka7 50.Nxd3 Qf1+
51.Ne1 Re2 52.Qa4+ Kb8  0-1

[Event "Faakersee Open"]
[Site "Latschach AUT"]
[Date "2001.08.14"]
[Round "5"]
[White "Horvath,P1"]
[Black "Sebenik,M"]
[Result "1-0"]
[WhiteElo "2441"]
[BlackElo "2322"]

1.d4 Nf6 2.Bg5 Ne4 3.Bf4 c5 4.d5 Qa5+ 5.c3 Qb6 6.Nd2 Nxd2 7.Qxd2 e6 8.e4 exd5
9.exd5 Bd6 10.Qe2+ Kf8 11.Be3 Qa5 12.Nf3 b6 13.Ng5 f6 14.Ne4 Ba6 15.Qh5 Be5
16.f4 Bc7 17.d6 Bd8 18.Qd5 Nc6 19.Bxa6 Qxa6 20.O-O-O Qe2 21.Rhe1 Qg4 22.f5 Qh5
23.Bxc5 Qxh2 24.Bd4 Qh5 25.Kb1 a6 26.Ng3 Qf7 27.Qe4 Rc8 28.Rd2 Nxd4 29.Rxd4 Rc6
30.Qe3 g5 31.Re4 Kg7 32.Qd4 Qf8 33.Re7+ Bxe7 34.Rxe7+ Kh6 35.Qg4 Qxe7 36.dxe7 Kg7
37.Qd4  1-0

[Event "TCh-ESP Div 2"]
[Site "Vila Real ESP"]
[Date "2001.08.14"]
[Round "2"]
[White "Bellon Lopez,JM"]
[Black "Villar Nieves,A"]
[Result "1-0"]
[WhiteElo "2432"]
[BlackElo "2143"]

1.d4 Nf6 2.Bg5 Ne4 3.Bh4 d5 4.f3 Nd6 5.Nc3 c6 6.e4 dxe4 7.fxe4 Qa5 8.Bd3 Qb4
9.Ne2 Bg4 10.a3 Qa5 11.Qd2 Nd7 12.O-O f6 13.e5 fxe5 14.Qg5 Nf6 15.Rxf6 gxf6
16.Qxg4 Kd8 17.b4 Qc7 18.dxe5 fxe5 19.Rd1 h5 20.Qe6 Bg7 21.Bf5  1-0

[Event "TCh-ESP Div 2"]
[Site "Vila Real ESP"]
[Date "2001.08.14"]
[Round "2"]
[White "Elguezabal Varela,D"]
[Black "Fernandez Garcia,Jo"]
[Result "1/2-1/2"]
[WhiteElo "2383"]
[BlackElo "2461"]

1.d4 Nf6 2.Bg5 Ne4 3.Bf4 c5 4.f3 Qa5+ 5.c3 Nf6 6.Nd2 cxd4 7.Nb3 Qb6 8.Qxd4 Nc6
9.Qxb6 axb6 10.Nd4 e5 11.Nxc6 dxc6 12.Bxe5 Be6 13.Bd4 b5 14.a3 b4 15.cxb4 Bxb4+
16.Kf2 O-O 17.e4 Rfd8 18.Be3 Bd2 19.Ne2 Rd3 20.Bxd2 Rxd2 21.b4 Bc4 22.g4 h5
23.g5 Nd7 24.Ke3 Rd3+ 25.Kf4 Nf8 26.Kg3 h4+ 27.Kxh4 Rxf3 28.Nd4 Ng6+ 29.Kg4 Ne5+
30.Kh4 Rf4+ 31.Kg3 Rxe4 32.Bxc4 Nxc4 33.Nf3 Re3 34.Rhe1 Rexa3 35.Rxa3 Rxa3
36.Kg4 Re3 37.Rd1 Kf8 38.Rd4 Ne5+ 39.Nxe5 Rxe5 40.Kf4 Rb5 41.Re4 Rd5 42.h4 g6
43.Kg4 b5 44.Kf3 c5  1/2-1/2

[Event "Faakersee Open"]
[Site "Latschach AUT"]
[Date "2001.08.15"]
[Round "6"]
[White "Sebenik,M"]
[Black "Kaufeld,J"]
[Result "1-0"]
[WhiteElo "2322"]
[BlackElo "2176"]

1.d4 Nf6 2.Bg5 Ne4 3.Bf4 c5 4.f3 Qa5+ 5.c3 Nf6 6.Nd2 cxd4 7.Nb3 Qb6 8.Qxd4 Nc6
9.Qxb6 axb6 10.Nd4 e5 11.Nxc6 exf4 12.Nd4 d5 13.g3 Bd6 14.Kf2 O-O 15.gxf4 Bxf4
16.e3 Be5 17.Bb5 Ne8 18.Bxe8 Rxe8 19.Nge2 Bd7 20.Nf4 Bc6 21.Nd3 Bd6 22.Nb4 Rac8
23.Rad1 Re5 24.Nd3 Ree8 25.Rd2 g6 26.a3 Re7 27.Nb4 Rce8 28.Rd3 Rc8 29.Rhd1 Re5
30.R1d2 Rh5 31.Kg1 Rg5+ 32.Rg2 Re5 33.f4 Re4 34.Rgd2 Bc5 35.Kf2 Rce8 36.Kf3 Kg7
37.Re2 Rc8 38.Re1 Kf6 39.Ndc2 Ke6 40.Red1 Rd8 41.Nd4+ Bxd4 42.Rxd4 h6 43.Kf2 Rxd4
44.Rxd4 Rd7 45.Nd3 f6 46.Rb4 Kf5 47.Rxb6 Kg4 48.Nb4 Rc7 49.a4 Bxa4 50.Nxd5 Rc5
51.Nxf6+ Kh3 52.Ne4 Rh5 53.Rxg6 Kxh2 54.Rg2+ Kh3 55.Nd2 Bc6 56.e4 Ra5 57.Nf3  1-0

[Event "TCh-ESP Div 2"]
[Site "Vila Real ESP"]
[Date "2001.08.15"]
[Round "3"]
[White "Andres Gonzalez,A"]
[Black "Perpinya Rofes,L"]
[Result "1-0"]
[WhiteElo "2407"]
[BlackElo "2337"]

1.d4 Nf6 2.Bg5 Ne4 3.Bf4 c5 4.f3 Qa5+ 5.c3 Nf6 6.Nd2 cxd4 7.Nb3 Qb6 8.Qxd4 Nc6
9.Qxb6 axb6 10.Be3 d6 11.Bxb6 Be6 12.Nc1 g6 13.e4 d5 14.Nge2 dxe4 15.Nf4 Bf5
16.g4 Bh6 17.gxf5 Bxf4 18.Ne2 Bb8 19.fxe4 Nxe4 20.Nd4 Bf4 21.Bb5  1-0

[Event "ch-FRA Women"]
[Site "Marsailles FRA"]
[Date "2001.08.17"]
[Round "5"]
[White "Roumegous,M"]
[Black "Te Llalemand,R"]
[Result "0-1"]
[WhiteElo "2239"]
[BlackElo "2347"]

1.d4 Nf6 2.Bg5 Ne4 3.Bf4 c5 4.f3 Qa5+ 5.c3 Nf6 6.dxc5 Qxc5 7.e4 d6 8.Qd2 g6
9.Na3 Bg7 10.Be3 Qa5 11.Ne2 O-O 12.Nd4 Nc6 13.Be2 Bd7 14.O-O Rac8 15.Nc4 Qc7
16.a4 Nxd4 17.Bxd4 Be6 18.Na3 a6 19.Nc2 Bd7 20.a5 Bc6 21.Bb6 Qb8 22.Nb4 Nd7
23.Be3 Nc5 24.Ra3 Qc7 25.Bc4 Bxe4 26.fxe4 Nxe4 27.Bxf7+ Rxf7 28.Qd5 Nf6 29.Qe6 Qc4
30.Nd5 Rc6 31.Nxe7+ Kf8 32.Nd5 Qxd5 33.Rxf6 Qc4 34.Rf1 Rc8  0-1

[Event "14th Kieler Open"]
[Site "Kiel GER"]
[Date "2001.08.20"]
[Round "5"]
[White "Bunk,K"]
[Black "Visweswaran,K"]
[Result "1-0"]
[WhiteElo "2124"]
[BlackElo "2299"]

1.d4 Nf6 2.Bg5 Ne4 3.Bf4 d5 4.e3 c5 5.Bd3 Nc6 6.Bxe4 dxe4 7.d5 Nb4 8.Nc3 g6
9.a3 Na6 10.Nxe4 Bg7 11.Nc3 Qb6 12.Rb1 Bf5 13.e4 Bg4 14.f3 Bd7 15.Nge2 O-O
16.Qd2 Rfe8 17.O-O Rad8 18.Kh1 Nc7 19.b4 c4 20.a4 Rc8 21.Be3 Qa6 22.b5 Qa5
23.Bd4 Na8 24.Bxg7 Kxg7 25.Qd4+ Kg8 26.f4 Nb6 27.Ra1 Ra8 28.f5 a6 29.f6 Bg4
30.Ng3 axb5 31.e5 exf6 32.exf6 h5 33.h3 b4 34.Nb5 Be2 35.Qd2 Kh7 36.Qg5 Rg8
37.Nxe2 Nxa4 38.Ned4 Rh8 39.Nf5 Kg8 40.Ne7+ Kh7 41.Nd6  1-0

[Event "Open"]
[Site "Lisbon POR"]
[Date "2001.08.21"]
[Round "1"]
[White "Gonzalez de la Nava,A"]
[Black "Sulava,N"]
[Result "0-1"]
[WhiteElo "2345"]
[BlackElo "2531"]

1.d4 Nf6 2.Bg5 Ne4 3.Bf4 c5 4.f3 Qa5+ 5.c3 Nf6 6.Nd2 cxd4 7.Nb3 Qd8 8.cxd4 a5
9.e4 a4 10.Nd2 a3 11.bxa3 e6 12.Bxb8 Rxb8 13.Qa4 Qc7 14.Ne2 b5 15.Qb3 Qa7
16.Rb1 Be7 17.Nc3 O-O 18.Nxb5 Qa5 19.Bd3 Ba6 20.a4 d5 21.e5 Nd7 22.Ke2 Nb6
23.Nd6 Nc4 24.Qd1 Bxd6 25.exd6 Nb2 26.Rxb2 Rxb2 27.Bxa6 Qxa6+ 28.Ke3 Qxd6
29.Nb3 Rxa2 30.Nc5 e5  0-1

[Event "Open"]
[Site "Lisbon POR"]
[Date "2001.08.24"]
[Round "4"]
[White "Fernandes,An"]
[Black "Baldazzi,S"]
[Result "1-0"]
[WhiteElo "2458"]
[BlackElo "2147"]

1.d4 Nf6 2.Bg5 Ne4 3.Bh4 c5 4.f3 Qa5+ 5.c3 Nd6 6.dxc5 Qxc5 7.e4 Nc6 8.Nd2 g6
9.a4 Qe3+ 10.Be2 Ne5 11.Nb3 Bg7 12.Nh3 Nxe4 13.fxe4 Qxe4 14.Bg3 Qxg2 15.Nf2 d6
16.Nd4 Bd7 17.Bxe5 dxe5 18.Nf3 e4 19.Qd2 Bf6 20.Rg1 exf3 21.Rxg2 fxg2 22.O-O-O Bxa4
23.Rg1 h5 24.Ne4 Bg7 25.Kb1 Bc6 26.Qf4 f5 27.Bf3 fxe4 28.Bxe4 Bxe4+ 29.Qxe4 O-O-O
30.Rxg2 Bf6 31.Rxg6 h4 32.Rg1 Rd6 33.Rg4 Rhd8 34.Qf5+ Kb8 35.Rb4 b6 36.Qf4 e5
37.Qf5 Kb7 38.Ka2 a5 39.Qe4+ Ka7 40.Rb5 R8d7 41.h3 Rc7 42.Qe3 Kb7 43.Qe4+ Ka7
44.Rb3 Rdc6 45.Qe3 Re7 46.Rb5 Kb7 47.Qe4 Kc7 48.Kb1 Rd7 49.Kc2 Rd4 50.Qf5 Rd7
51.Rb3 Rcd6 52.Ra3 Kb7 53.Ra4 Re7 54.Rc4 Ree6 55.Qh7+ Re7 56.Qg8 Rc7 57.Rg4 Re7
58.Qf8 Ree6 59.Rg8 Bd8 60.Qf5 Bf6 61.Qg4 Re7 62.Qe4+ Rc6 63.Rd8 Rc7 64.Rd6 Bg7
65.Qd5 e4 66.Re6 a4 67.Kb1 e3 68.Ka2 Bf8 69.Rxc6 Rxc6 70.Qf7+ Ka6 71.Qxf8 b5
72.Qa8+ Kb6 73.Qd8+ Kc5 74.Qd4+  1-0

[Event "Ron Banwell Masters"]
[Site "London ENG"]
[Date "2001.08.26"]
[Round "9"]
[White "Bigg,A"]
[Black "Annaberdiev,M"]
[Result "0-1"]
[WhiteElo "2216"]
[BlackElo "2265"]

1.d4 Nf6 2.Bg5 Ne4 3.h4 c5 4.d5 Qb6 5.Nd2 Nxd2 6.Bxd2 e5 7.Qc1 d6 8.e4 Be7
9.Ne2 Qd8 10.h5 h6 11.c4 f5 12.exf5 Bxf5 13.Ng3 Bh7 14.Qc3 Bf6 15.Qf3 O-O
16.Qg4 e4 17.Be2 e3 18.fxe3 Bxb2 19.Rd1 Nd7 20.e4 Ne5 21.Qh4 Qc7 22.Rf1 Bd4
23.Nf5 Bxf5 24.Rxf5 Rxf5 25.exf5 Re8 26.Kf1 Qf7 27.g4 b5 28.Bf4 Nxc4 29.Bxc4 bxc4
30.Re1 Rb8 31.Re6 c3 32.Rxd6 Qe8 33.Re6 Rb1+ 34.Kg2 Qb5 35.Re1 c2 36.Qe7 Bf6
37.Qe6+ Kh7 38.Qe4 Rd1  0-1

[Event "10th Open"]
[Site "Kavala GRE"]
[Date "2001.08.28"]
[Round "8"]
[White "Vasilev,M"]
[Black "Angelis,M"]
[Result "1-0"]
[WhiteElo "2377"]
[BlackElo "2266"]

1.d4 Nf6 2.Bg5 Ne4 3.Bh4 d5 4.f3 Nd6 5.Nc3 Nf5 6.Bf2 c5 7.dxc5 d4 8.Ne4 Nc6
9.g4 Nh6 10.e3 Qa5+ 11.Qd2 Nb4 12.c3 dxc3 13.Nxc3 Bd7 14.O-O-O O-O-O 15.a3 Nc6
16.Nb5 Qa4 17.Qc2 Qxc2+ 18.Kxc2 a6 19.Nc3 e5 20.b4 f5 21.h3 e4 22.Nd5 Nxb4+
23.axb4 Ba4+ 24.Kc1 Bxd1 25.Nb6+ Kb8 26.Bh4 g5 27.Bxg5 Bg7 28.Bxd8 Rxd8 29.Ne2 exf3
30.Nf4 Bb3 31.Bc4 Bxc4 32.Nxc4 Bc3 33.Kc2 Bxb4 34.Nd3 a5 35.g5 Ng8 36.Rf1 Ne7
37.Rxf3 Kc7 38.Rf4 Kc6 39.Rh4 Rh8 40.Rh6+ Kd7 41.h4 Ke8 42.h5 Rg8 43.Rxh7 Rxg5
44.Nd6+ Kd7 45.Nxb7 Ke6 46.Nf4+ Kd7 47.h6 a4 48.Rxe7+  1-0

[Event "Open"]
[Site "Lisbon POR"]
[Date "2001.08.28"]
[Round "8"]
[White "San Emeterio Cabanes,J"]
[Black "Holmsten,A"]
[Result "0-1"]
[WhiteElo "2288"]
[BlackElo "2436"]

1.d4 Nf6 2.Bg5 Ne4 3.Bf4 d5 4.e3 c5 5.Bd3 cxd4 6.Bxe4 dxe4 7.exd4 Qb6 8.Nc3 Nc6
9.Qd2 Bg4 10.h3 Bh5 11.g4 Bg6 12.d5 O-O-O 13.Qe3 e5 14.Qxb6 axb6 15.Be3 Nd4
16.O-O-O h5 17.Nge2 hxg4 18.hxg4 Rxh1 19.Rxh1 Nxe2+ 20.Nxe2 Bc5 21.Bxc5 bxc5
22.c4 e3 23.fxe3 Bd3 24.Nc3 Bxc4 25.e4 Kd7 26.b3 Ba6 27.Rh7 Rg8 28.Kd2 Kd6
29.Nd1 b5 30.Ne3 Bc8 31.a4 bxa4 32.bxa4 f6 33.g5 fxg5 34.Nc4+ Ke7 35.Nxe5 Kf6
36.Nc6 Bd7 37.Na5 Bxa4 38.Nc4 Be8 39.Rh1 Bg6 40.Rf1+ Ke7 41.Ke3 Rb8 42.Rg1 Rb3+
43.Kf2 Bxe4 44.Re1 Rf3+ 45.Kg1 Rg3+ 46.Kf2 Rg4 47.d6+ Ke6 48.Re3 Rf4+ 49.Kg3 Kd7
50.Ra3 Bb7 51.Ra4 Rh4 52.Kf2 Ke6 53.Ke3 Bc6 54.d7 Re4+ 55.Kf2 Kxd7 56.Ra7+ Ke6
57.Ne3 Rf4+ 58.Ke2 Bb5+ 59.Ke1 Rf7 60.Ra5 Rb7 61.Ra8 Ke5 62.Rf8 Bd3  0-1

[Event "10th Open"]
[Site "Kavala GRE"]
[Date "2001.08.29"]
[Round "9"]
[White "Miladinovic,I"]
[Black "Papadopoulou,T"]
[Result "1-0"]
[WhiteElo "2496"]
[BlackElo "2136"]

1.d4 Nf6 2.Bg5 Ne4 3.Bf4 d5 4.Nd2 Bf5 5.Nxe4 Bxe4 6.e3 e6 7.f3 Bg6 8.h4 h6
9.h5 Bh7 10.Bd3 Bxd3 11.Qxd3 Nc6 12.Ne2 Bd6 13.O-O-O Bxf4 14.Nxf4 Qg5 15.Kb1 O-O-O
16.g4 a6 17.Nh3 Qe7 18.f4 Qb4 19.c3 Qb5 20.Nf2 Qxd3+ 21.Nxd3 f6 22.Rdg1 Rhf8
23.Rh3 e5 24.g5 hxg5 25.fxg5 Rde8 26.h6 gxh6 27.gxh6 Rh8 28.Rg7 exd4 29.cxd4 Re7
30.Nf4 Kd7 31.Nxd5  1-0

[Event "Open"]
[Site "Lisbon POR"]
[Date "2001.08.29"]
[Round "9"]
[White "Gunter,D"]
[Black "Dubois,M"]
[Result "1/2-1/2"]
[WhiteElo "2140"]
[BlackElo "2029"]

1.d4 Nf6 2.Bg5 Ne4 3.Bf4 c5 4.f3 Qa5+ 5.c3 Nf6 6.Nd2 cxd4 7.Nb3 Qd8 8.cxd4 a5
9.e3 Nc6 10.Ne2 a4 11.Nd2 a3 12.b3 Nd5 13.Kf2 Ncb4 14.Nc4 b5 15.Ne5 g5 16.Bg3 Ba6  1/2-1/2

[Event "21st Open"]
[Site "Bratto ITA"]
[Date "2001.08.30"]
[Round "9"]
[White "Digiugno,F"]
[Black "Podini,F"]
[Result "0-1"]
[WhiteElo "2145"]
[BlackElo "2072"]

1.d4 Nf6 2.Bg5 Ne4 3.Bf4 c5 4.f3 Qa5+ 5.c3 Nf6 6.d5 Qb6 7.Bc1 e6 8.e4 exd5
9.e5 Qe6 10.Qe2 Ng8 11.Nh3 Ne7 12.Nf4 Qc6 13.Qd1 g6 14.a4 c4 15.Ne2 Bg7 16.Nd4 Qb6
17.f4 O-O 18.Na3 a6 19.Be2 d6 20.exd6 Qxd6 21.O-O Nbc6 22.Be3 Nxd4 23.Bxd4 Nf5
24.Bxg7 Kxg7 25.Kh1 h5 26.Bxc4 dxc4  0-1

[Event "IX Open"]
[Site "Albacete ESP"]
[Date "2001.09.03"]
[Round "6"]
[White "Saldano,H"]
[Black "Kovacevic,Sl"]
[Result "1-0"]
[WhiteElo "2422"]
[BlackElo "2378"]

1.d4 Nf6 2.Bg5 Ne4 3.Bf4 d5 4.e3 Bf5 5.f3 Nf6 6.c4 e6 7.Nc3 c6 8.g4 Bg6 9.Qb3 Qd7
10.h4 h6 11.c5 Be7 12.Nb5 cxb5 13.Bxb8 a6 14.Bg3 O-O 15.Ne2 Bd8 16.Bd6 Be7
17.Bxe7 Qxe7 18.Nf4 Bh7 19.g5 hxg5 20.hxg5 Nd7 21.Bd3 Bxd3 22.Qxd3 g6 23.Nxg6 fxg6
24.Qxg6+ Qg7 25.Qxe6+ Qf7 26.Qh3 Qf5 27.Qh6 Kf7 28.O-O-O Rh8 29.Qd6 Qe6 30.g6+ Kf6
31.g7 Rxh1 32.Qf4+ Qf5 33.Qd6+ Qe6 34.Qf4+ Qf5 35.Qd6+ Kf7 36.Rxh1 Rg8 37.Rh4 Nf6
38.Rf4 Qe6 39.e4 Qxd6 40.cxd6 dxe4 41.fxe4 Kxg7 42.e5 Rc8+ 43.Kd2 Nd5 44.d7 Rh8
45.e6 Nf6 46.Rg4+ Nxg4 47.e7 Nf6 48.d8=Q Re8 49.d5 Kf7 50.d6 Ne4+ 51.Kc2 Nxd6
52.Qxd6 Rxe7 53.Kc3 Ke8 54.Qb8+ Kf7 55.Kb4 Ke6 56.Kc5 Rd7 57.Qc8 Ke7 58.Kb6  1-0

[Event "FSIMB September"]
[Site "Budapest HUN"]
[Date "2001.09.05"]
[Round "5"]
[White "Gouret,T"]
[Black "Alfred,N"]
[Result "1/2-1/2"]
[WhiteElo "2320"]
[BlackElo "2205"]

1.d4 Nf6 2.Bg5 Ne4 3.Bf4 c5 4.f3 Qa5+ 5.c3 Nf6 6.Nd2 cxd4 7.Nb3 Qb6 8.Qxd4 Nc6
9.Qxb6 axb6 10.e4 e5 11.Bg5 Be7 12.Bc4 O-O 13.Ne2 Ne8 14.Be3 Nd6 15.Bd5 b5
16.Nd2 b4 17.c4 b5 18.c5 Nc4 19.Nxc4 bxc4 20.Bxc4 Ra5 21.Rc1 Ba6 22.Bb3 Rc8
23.Kf2 Kf8 24.Rhd1 Ke8 25.Rc2 Bb5 26.Nc1 g6 27.Bd5 f5 28.g3 fxe4 29.Bxe4 Nd4
30.Bxd4 exd4 31.Rxd4 Ba4 32.Nb3 Bxb3 33.axb3 Bxc5 34.Ke2 Bxd4 35.Rxc8+ Ke7
36.Rc4 Bg1 37.Kf1 Bxh2 38.Kg2 Bxg3 39.Kxg3 d5 40.Rxb4 dxe4 41.Rxe4+ Kf6  1/2-1/2

[Event "5th Pablo Gorbea Mem Open"]
[Site "Madrid ESP"]
[Date "2001.09.06"]
[Round "1"]
[White "Martinez Rubio,F"]
[Black "Alvarez Ibarra,R"]
[Result "0-1"]
[WhiteElo "2014"]
[BlackElo "2417"]

1.d4 Nf6 2.Bg5 Ne4 3.Bf4 c5 4.f3 Qa5+ 5.c3 Nf6 6.d5 Qb6 7.b3 e6 8.e4 exd5
9.exd5 Bd6 10.Bxd6 Qxd6 11.c4 O-O 12.Be2 Qe5 13.Nd2 d6 14.Rc1 Re8 15.Kf1 Bf5
16.g3 Na6 17.a3 Re7 18.Kf2 Qd4+ 19.Kg2 Rae8 20.Bf1 Re1  0-1